Normal view MARC view
  • Incorporated Society of Auctioneers and Landed Property Agents

Entry Corporate Name

Number of records used in: 21

001 - CONTROL NUMBER

  • control field: 4878

003 - CONTROL NUMBER IDENTIFIER

  • control field: SIRSI

005 - DATE AND TIME OF LATEST TRANSACTION

  • control field: 20190806150238.0

008 - FIXED-LENGTH DATA ELEMENTS

  • fixed length control field: 060208n| aaannaabn |n ana d

040 ## - CATALOGING SOURCE

  • Original cataloging agency: OSt
  • Transcribing agency: OSt

110 2# - HEADING--CORPORATE NAME

  • Corporate name or jurisdiction name as entry element: Incorporated Society of Auctioneers and Landed Property Agents

670 ## - SOURCE DATA FOUND

  • Source citation: The Incorporated Society of Auctioneers and Landed Property Agents Album 1953-1954, 1953-54